| 000 | 01067nam a2200301 a 4500 | ||
|---|---|---|---|
| 001 | BRCA_7642 | ||
| 005 | 20190320205926.0 | ||
| 008 | 290512s1976----sp-a######---#000-0#baq-# | ||
| 020 | _a8470860275 | ||
| 041 | _abaq | ||
| 044 | _asp | ||
| 050 | 4 |
_aPQ6323 _b.C47 vas 1976 |
|
| 100 | 1 |
_aCervantes Saavedra, Miguel de _d1547-1616 _9213 |
|
| 245 | 1 | 0 |
_aDon Kijote Mantxa´ko _cZerbantes eta Saabedra´tar Mikel. |
| 260 |
_aZarauz, España _bItxaropena Argitaldaria _c1976 |
||
| 300 |
_a644 p. (v.1) _bil. _c21 cm. |
||
| 500 | _aEstado físico : Con cantos dorados | ||
| 500 | _aLibro donado por la Sra. Ma. de Jesús Ilandia, 12.IX.1996 | ||
| 500 | _aVer No. de Sist. 8435 (v.2, 1985) | ||
| 546 | _aTexto en : vasco | ||
| 650 | 1 | 4 |
_aNovela española _yÉpoca clásica, 1500-1700 _9215 |
| 650 | 1 | 4 |
_aLiteratura española _yÉpoca clásica, 1500-1700 _9216 |
| 650 | 1 | 4 |
_aNovela española _ySiglo XVII _9217 |
| 650 | 1 | 4 |
_aDon Quijote (Personaje ficticio) _vNovela _911664 |
| 740 | 0 | _aEl Ingenioso Hidalgo Don Quijote de la Mancha | |
| 902 | _aQAG | ||
| 942 |
_2lcc _cB |
||
| 999 |
_c7316 _d7316 |
||